ბათუმის შოთა რუსთაველის სახელმწიფო უნივერსიტეტის ბიბლიოთეკა

ძვირფასი სილუეტები (ბიბ.ჩანაწერი № 48895)

000 -LEADER
fixed length control field 01140nam a2200253Ia 4500
001 - CONTROL NUMBER
control field 15798
003 - CONTROL NUMBER IDENTIFIER
control field GE_BSU
008 - FIXED-LENGTH DATA ELEMENTS--GENERAL INFORMATION
fixed length control field 181216s||||||||xx |||||||||||||| ||und||
040 ## - CATALOGING SOURCE
Transcribing agency GE_BSU
080 ## - UNIVERSAL DECIMAL CLASSIFICATION NUMBER
Universal Decimal Classification number 821.353.1.09 + 821.353.1-92
100 ## - MAIN ENTRY--PERSONAL NAME
Personal name ჭელიძე, ვახტანგ (1917-2005)
245 ## - TITLE STATEMENT
Title ძვირფასი სილუეტები
245 ## - TITLE STATEMENT
Remainder of title ლიტ.-პუბლ. სტატიები
245 ## - TITLE STATEMENT
Statement of responsibility, etc. რედ.ლ.თურმანიძე.
260 ## - PUBLICATION, DISTRIBUTION, ETC.
Place of publication, distribution, etc. თბილისი
260 ## - PUBLICATION, DISTRIBUTION, ETC.
Name of publisher, distributor, etc. მერანი
260 ## - PUBLICATION, DISTRIBUTION, ETC.
Date of publication, distribution, etc. 1989.
300 ## - PHYSICAL DESCRIPTION
Extent 574გვ. ; 22სმ
653 ## - INDEX TERM--UNCONTROLLED
Uncontrolled term ლიტ.-პუბლ. სტატიები
653 ## - INDEX TERM--UNCONTROLLED
Uncontrolled term ქართული ლიტერატურის ისტორია და კრიტიკა;
653 ## - INDEX TERM--UNCONTROLLED
Uncontrolled term ძვირფასი სილუეტები
653 ## - INDEX TERM--UNCONTROLLED
Uncontrolled term ძვირფასი სილუეტები; მხატვრული თარგმანი; თეატრალური ჩანაწერები; ფიქრები ხვალინდელ დღეზე
942 ## - ADDED ENTRY ELEMENTS (KOHA)
Koha item type წიგნი
ეგზემპლარები
Withdrawn status Lost status Damaged status Not for loan Date acquired Barcode Date last seen Price effective from Koha item type
        2018-12-17 39190 2018-12-17 2018-12-17 წიგნი
        2018-12-17 39191 2018-12-17 2018-12-17 წიგნი